| 000 | 01177nam0a22003251 4500 | ||
|---|---|---|---|
| 001 | v19\rc\1648849 | ||
| 005 | 20250619002444.0 | ||
| 035 | _a(NLR Aleph) 004760556 | ||
| 090 |
_a4580874 _c4580874 |
||
| 100 | _a20061002d1888 |||y0rusy50 ca | ||
| 101 | 0 | _arus | |
| 102 | _aRU | ||
| 105 | _aab z ||||| | ||
| 200 | 1 |
_aГеологическое описание Полтавской губернии _eОтчет Полт. губ. земству _f[Соч.] А.В. Гурова, магистра геологии и минералогии |
|
| 210 |
_aХарьков _cПолт. губ. земство _d1888 |
||
| 215 |
_a1010 с. разд. паг., 2 л. карт. _cил. _d25 |
||
| 700 | 1 |
_4070 _7ca _8rus _aГуров _bА. В. _f1845-1920 _gАлександр Васильевич _9247442 _3RU\NLR\AUTH\770247498 |
|
| 801 | 0 |
_aRU _bNLR _gpsbo |
|
| 801 | 0 |
_aRU _bRuMoRGB _2psbo |
|
| 801 | 1 |
_aRU _bProSoft-M _2rusmarc |
|
| 852 |
_aNLR _bЗем _j31/217 |
||
| 899 |
_aRuMoRGB _jR 65/326 |
||
| 899 |
_aRuMoRGB _jN 53/90 |
||
| 899 |
_aRuMoRGB _jR 26а/1032 |
||
| 899 | _aНБ СПбГУ | ||
| 899 | _aНБ МГУ | ||
| 899 | _aБАН | ||
| 942 | _cBOOK | ||
| 980 | _aNB | ||